书目信息 |
| 题名: |
中国家装新视觉
|
|
| 作者: | 李江军 编著 | |
| 分册: | 2 时尚视听墙 | |
| 出版信息: | 北京 中国轻工业出版社 2005 |
|
| 页数: | 48页 | |
| 开本: | 29cm | |
| 丛书名: | ||
| 单 册: | ||
| 中图分类: | TU241.6 | |
| 科图分类: | ||
| 主题词: | 住宅--室内装饰--建筑设计--中国--图集 | |
| 电子资源: | ||
| ISBN: | 7-5019-4727-9 | |
| 000 | 01168nam0 2200313 450 | |
| 000 | 01131nam0 2200301 450 | |
| 000 | 01129nam0 2200313 450 | |
| 000 | 01075nam0 2200289 450 | |
| 000 | 01071nam0 2200277 450 | |
| 000 | 01034nam0 2200265 45 | |
| 001 | TS-156501 | |
| 005 | 20061217090920.40 | |
| 010 | @a7-5019-4727-9@dCNY20.00 | |
| 100 | @a20060829d2005 em y0chiy0110 ea | |
| 101 | 0 | @achi |
| 102 | @aCN@b110000 | |
| 105 | @aa z 000yy | |
| 200 | 1 | @a中国家装新视觉@AZhong Guo Jia Zhuang Xin Shi Jue@e现代家居设计效果图@EXian Dai Jia Ju She Ji Xiao Guo Tu@h2@i时尚视听墙@IShi Shang Shi Ting Qiang@f李江军编著@FLi Jiang Jun Bian Zhu |
| 210 | @a北京@c中国轻工业出版社@d2005 | |
| 215 | @a48页@d29cm | |
| 330 | @a本书介绍了多套不同居室的室内时尚视听墙的设计案例。 | |
| 517 | 1 | @a现代家居设计效果图@AXian Dai Jia Ju She Ji Xiao Guo Tu |
| 606 | 0 | @a住宅@x室内装饰@x建筑设计@y中国@x图集 |
| 690 | @aTU241.6@v3 | |
| 701 | 0 | @a李江军@ALi Jiang Jun@4编著 |
| 801 | 0 | @aCN@b中图数据@c20061217 |
| 905 | @a10447@dTU241.6@e336:2 | |
| 中国家装新视觉:现代家居设计效果图.2.时尚视听墙/李江军编著.-北京:中国轻工业出版社,2005 |
| 48页;29cm |
| ISBN 7-5019-4727-9:CNY20.00 |
| 本书介绍了多套不同居室的室内时尚视听墙的设计案例。 |
| ● |
| 相关链接 |
|
|
|
|
正题名:中国家装新视觉
索取号:TU241.6/336:2
 
预约/预借
| 序号 | 登录号 | 条形码 | 馆藏地/架位号 | 状态 | 备注 |
| 1 | 0619746 | 206197462 | 第二样本阅览室/ [索取号:TU241.6/336:2] | 在馆 | |
| 2 | 0619747 | 206197471 | 第三借阅区/ [索取号:TU241.6/336:2] | 在馆 | |
| 3 | 0619748 | 206197480 | 第三借阅区/ [索取号:TU241.6/336:2] | 在馆 |